logo

Bir Sreshtho Munshi Abdur Rouf Library
Jhenaidah Cadet College

ছবি আলোর ভাষা / (Record no. 8555)

MARC details
000 -LEADER
fixed length control field 00545nam a22002057a 4500
001 - CONTROL NUMBER
JCCL Control Number 8555
003 - CONTROL NUMBER IDENTIFIER
JCCL marc code BD-JhCC
005 - DATE AND TIME OF LATEST TRANSACTION
control field 20180227132257.0
008 - FIXED-LENGTH DATA ELEMENTS--GENERAL INFORMATION
fixed length control field 180227b2006 bg ||||| |||| 00| 0 ben d
035 ## - SYSTEM CONTROL NUMBER
system control number (BD-JhCC)8555
040 ## - CATALOGING SOURCE
Original cataloging agency BD-JhCC
Modifying agency BD-JhCC
041 ## - LANGUAGE CODE
Language code of Book ben
082 ## - DEWEY DECIMAL CLASSIFICATION NUMBER
Classification number 779
Author mark and Year 2006
100 ## - MAIN ENTRY--PERSONAL NAME
Personal name পিউ, আজিজুর রহীম
245 ## - TITLE STATEMENT
Title ছবি আলোর ভাষা /
Statement of responsibility, etc আজিজুর রহীম পিউ
300 ## - PHYSICAL DESCRIPTION
Pagination 100 p. :
Dimensions 25 cm.
650 ## - SUBJECT ADDED ENTRY--TOPICAL TERM
Topical term or geographic name as entry element Photograpy
942 ## - ADDED ENTRY ELEMENTS (KOHA)
Source of classification or shelving scheme Dewey Decimal Classification
Koha item type Books
Holdings
Source of classification or shelving scheme Damaged status Not for loan Home library Current library Shelving location Date of accession Cost, normal purchase price Full call number Barcode Date last seen Copy number Method of acquisition Koha item type Currency
Dewey Decimal Classification     JCC Rouf Library JCC Rouf Library General Stacks 02/27/2018 400.00 779 PEU 2006 10766 02/27/2018 C-1 Purchase Books BDT

JCC Library | Contacts | JCC Home

Last Update on 23 September 2017
Copyright @ 2017-2020 JCC Rouf Library
Rouf Library, Jhenidah Cadet College (JCC), Bangladesh